Ensayos sobre mujeres y relaciones de género en el Caribe
Wedi'i Gadw mewn:
| Awduron Eraill: | , , |
|---|---|
| Fformat: | Dogfen y Llywodraeth Llyfr |
| Iaith: | Spanish |
| Cyhoeddwyd: |
San Andrés, Colombia
Universidad Nacional de Colombia. Sede Caribe
2012
|
| Cyfres: | Maestría en estudios del Caribe
número 10 |
| Pynciau: | |
| Tagiau: |
Ychwanegu Tag
Dim Tagiau, Byddwch y cyntaf i dagio'r cofnod hwn!
|
MARC
| LEADER | 00000nam a2200000 a 4500 | ||
|---|---|---|---|
| 007 | ta | ||
| 008 | 131121s2012 cr a|||f |||| 000 0 spa d | ||
| 020 | |a 9789587611250 | ||
| 040 | |a cru CIICLA Universidad de Costa Rica | ||
| 086 | |2 305.4 E59e | ||
| 245 | |a Ensayos sobre mujeres y relaciones de género en el Caribe | ||
| 260 | |a San Andrés, Colombia |b Universidad Nacional de Colombia. Sede Caribe |c 2012 | ||
| 300 | |a 223 páginas |b ilustraciones | ||
| 490 | 0 | |a Maestría en estudios del Caribe |v número 10 | |
| 505 | 8 | |r Yusmidia Solano Suárez |t Introducción a la historia de las mujeres y del género en el contexto internacional | |
| 505 | |r Laura de la Rosa Solano |t Mujeres y relaciones de género en los Estudios del Caribe | ||
| 505 | |r Yusmidia Solano Suárez |t Debates y problemáticas en la historiografía de las mujeres y de género en el Caribe creole-anglófono | ||
| 505 | |r Kattia Padilla Díaz |t Relaciones de género en Providencia y Santa Catalina Islas, Caribe colombiano | ||
| 505 | |r Yusmidia Solano Suárez |t Eurocentrismo y sexismo en la historiografía sobre los pueblos originarios de Aba Yala: hallazgos al investigar las relaciones de género en la civilización Zenú | ||
| 505 | |r Yusmidia Solano Suárez |t Las mujeres de las diásporas caribeñas: el cuidado, el afecto y el sexo como productos de exportación | ||
| 650 | |a MUJERES |z REGION DEL CARIBE | ||
| 650 | |a GENERO | ||
| 650 | |a MUJERES |x HISTORIA | ||
| 700 | 1 | 2 | |a Solano Suárez, Yusmidia |
| 700 | |a De la Rosa Solano, Laura | ||
| 700 | |a Padilla Díaz, Kattia | ||
| 942 | |2 ddc |c BK | ||
| 999 | |c 2579 |d 2579 | ||



